| 000 | 01451nam a2200325 ia4500 | ||
|---|---|---|---|
| 003 | OSt | ||
| 005 | 20260416124514.0 | ||
| 008 | 226041s2025 nyu jrb 000 0 eng d | ||
| 020 |
_a9780241743492 _cRM 98.90 _qhardback |
||
| 040 |
_aPPAK _beng _cPPAK _erda |
||
| 082 | 0 | 4 |
_223 _a616.8914 |
| 090 | 0 | 0 |
_a616.8914 _bBRE _dK |
| 100 | 1 |
_aBrenner, Sara, _eauthor. |
|
| 245 | 1 | 0 |
_aa kids book about therapy / _cby Sara Brenner, LCSW |
| 246 | 3 | 0 | _aTherapy |
| 250 | _aFirst American edition | ||
| 264 | 1 |
_aNew York, NY : _bDK Publishing, _c[2025] |
|
| 300 |
_a1 volume (unpaged) : _bcolour illustrations ; _c26 cm |
||
| 336 |
_atext _2rdacontent |
||
| 337 |
_aunmediated _2rdamedia |
||
| 338 |
_avolume _2rdacarrier |
||
| 490 | 1 | _aa kids book about | |
| 520 | _aPsychotherapy, or talk therapy, is a collaborative, research-based treatment where a trained professional helps individuals manage mental health conditions, trauma, and emotional difficulties. It focuses on addressing underlying causes, changing negative thought patterns, and developing healthier coping mechanisms. It is highly effective for issues like anxiety, depression, and long-term stress. | ||
| 650 | 1 | 0 |
_aPsychotherapy _vJuvenile literature |
| 650 | 2 | 0 |
_aTherapeutics _vJuvenile literature. |
| 650 | 2 | 0 |
_aMental health _vJuvenile literature. |
| 650 | 2 | 0 |
_aChild psychotherapy _vJuvenile literature. |
| 830 | 0 | _aa kids book about | |
| 942 |
_2ddc _cB |
||
| 999 |
_c203885 _d203885 |
||